000 00962nam a2200241Ia 4500
003 Ost
005 20260507075638.0
008 260507s9999||||xx |||||||||||||| ||und||
020 _a1855165880
040 _cfsecg
041 _aara
082 _a330.9
100 _aالنقيب، خلدون حسن
_eمؤلف
245 0 _aآراء في فقه التخلف :
_bالعرب والغرب في عصر العولمة /
_c خلدون حسن النقيب
250 _aطبعة 2
260 _aبيروت:
_bدار السافي,
_c2002
300 _a463 صفحة؛
_c24 سم
520 _aفهم تخلف المجتمع المدني ، فقر السياسة، التطبيع، المواجهة التاريخية مع العرب، ثقافة التخلف، الثقافة تسلية والسياسة واقع وهمي
653 _aالتخلف الاجتماعي
653 _aالتخلف الاقتصادي
653 _aالفقر
942 _cكتاب
999 _c45344
_d45344